Responses for show #8322 - Tuesday, January 26, 2021

Brian Chang game 6.

Contestants

[<< previous game]

Gabriela Kaufman, a fashion buyer from San Francisco

Stephen Newman, an attorney originally from New Hartford, New York

Brian Chang, an attorney from Chicago, Illinois (whose 5-day cash winnings total $116,503)

[next game >>]

Jeopardy! Round responses

YOU CROSSED THE LINE
FINANCIAL SLANG
BAD TO THE BONE
3- OR 13-LETTER WORDS
HOBBIES & PASTIMES
HER BETTER HALF
    $200 28
(Brian: What's Poland?)
(Stephen: What is Ukraine?)

Finland

BrianStephen
Triple Stumper
    $200 2
bull

Stephen
    $200 26
spurs

Gabriela
    $200 25
a vow

Gabriela
    $200 21
a 7-10 split

Gabriela
    $200 3
Kurt Russell

Stephen
    $400 29
Costa Rica

Stephen
    $400 20
Connecticut

Stephen
    $400 27
vitamin D

Gabriela
    $400 23
a tricentennial

Gabriela
    $400 22
candle making

Brian
    $400 4
John Legend

Gabriela
    $600 30
Arkansas

Brian
    $600 12
volatility

Stephen
    $600 13
bone marrow

Gabriela
    $600 17
ventriloquist

Brian
    $600 24
spelunking

Gabriela
    $600 5
Harrison Ford

Gabriela
    $800 16
Sudan

Brian
    $800 9
billion

Brian
    $800 14
stress

Stephen
    $800 10
via

Stephen
    $800 11
puffin

Brian
    $800 6
Tom Brady

Gabriela
    $1000 18
Saskatchewan

Stephen
    $1000 1
a black swan

Stephen
    $1000 15
humerus

Brian
    $1000 8
(Ken: [*] is a [*], correct.)

wat

Brian
    $3,000 19
trainspotting

Stephen
    $1000 7
Judd Apatow

Brian

Scores at the first commercial break (after clue 15):

Brian Stephen Gabriela
$4,600 $3,600 $2,400

Scores at the end of the Jeopardy! Round:

Brian Stephen Gabriela
$6,800 $8,200 $4,400

Double Jeopardy! Round responses

TV-POURRI
INFO PLEASE
LOCATION
FICTIONAL BEINGS
CROSSWORD CLUES "D"
HISTORIC SURVIVORS
(Jeff Probst: I'm Jeff Probst with a category about real people who faced long odds & challenging conditions to become historical survivors.)
    $400 6
Curb Your Enthusiasm

Gabriela
    $400 13
Chopin

Brian
    $400 25
the Sunset Strip

Stephen
    $400 20
horses

Brian
    $400 1
dilemma

Stephen
    $400 2
Braille

Gabriela
    $800 7
Chris Noth

Triple Stumper
    $800 23
(Gabriela: What is a mile?)

a kilometer

StephenGabriela
    $800 26
Zurich

Brian
    $800 19
elves

Gabriela
    $800 21
a dirigible

Gabriela
    $800 3
Caruso

Brian
    $1200 8
Ron Swanson

Gabriela
    $1200 28
Rabat

Brian
    $9,600 14
the Heisman Trophy

Brian
    $8,000 18
(Gabriela: What is a vampire?)
(Ken: Oh, I'm sorry.)
(Gabriela: The other one.)

a werewolf

Gabriela
    $1200 15
doppelganger

Gabriela
    $1200 5
Molly Brown

Gabriela
    $1600 9
Data

Gabriela
    $1600 29
the wombat

Triple Stumper
    $1600 12
Pinkerton

Stephen
    $1600 16
mermaids

Gabriela
    $1600 11
drill

Brian
    $1600 22
Niki Lauda

Triple Stumper
    $2000 10
(Ken: Wow, I feel old again.)

James Garner

Triple Stumper
    $2000 30
Joshua

Stephen
    $2000 27
the Catskills

Stephen
    $2000 17
dragons

Gabriela
    $2000 4
discretion

Gabriela
    $2000 24
(Ken: Thanks to Jeff Probst for helping us out with that category.)

Louis Zamperini

Triple Stumper

Scores at the end of the Double Jeopardy! Round:

Brian Stephen Gabriela
$21,600 $15,400 $8,800

[wagering suggestions for these scores]

Final Jeopardy! Round responses

POP MUSIC
(Ken: Realizing what year the first re-release was would really have helped you.)
...
(Ken: [To Stephen] [*] by Prince. Re-released for the year 1999 and then again in 2016 when Prince passed.)
GabrielaWhat is Like a Virgin
$3,700
StephenWhat is 1999?
$2,500
BrianWhat is 1999?
$9,201
"1999"

Final scores:

Brian Stephen Gabriela
$30,801 $17,900 $5,100
6-day champion: $147,304 2nd place: $2,000 3rd place: $1,000

Game dynamics:

Coryat scores:

Brian Stephen Gabriela
$13,200 $13,400 $16,800
16 R
(including 1 DD),
1 W
16 R
(including 1 DD),
1 W
21 R,
2 W
(including 1 DD)

Combined Coryat: $43,400

The J! Archive is created by fans, for fans. The Jeopardy! game show and all elements thereof, including but not limited to copyright and trademark thereto, are the property of Jeopardy Productions, Inc. and are protected under law. This website is not affiliated with, sponsored by, or operated by Jeopardy Productions, Inc. Join the discussion at JBoard.tv.